Centrálna banka neuvoľňuje menovú politiku

Vzťah NBS k verejným financiám. Stabilizácia úrokových sadzieb. Inverzná výnosová krivka. Štátne pokladničné poukážky. Úrokové sadzby z depozitných certifikátov, z vkladov na vkladných knižkách, z vkladov v cudzích menách, z vkladov na účtoch v bankách na Slovensku.

Salvato in:
Dettagli Bibliografici
Autore principale: Habán, Rastislav
Natura: Capitolo di libro
Lingua:slovacco
Soggetti:
Tags: Aggiungi Tag
Nessun Tag, puoi essere il primo ad aggiungerne!!

MARC

LEADER 00000naa a2200000 4500
001 r039082
005 20230921105922.0
041 0 |a slo 
044 |a SK 
245 1 0 |a Centrálna banka neuvoľňuje menovú politiku  |c Rastislav Habán 
520 |a Vzťah NBS k verejným financiám. Stabilizácia úrokových sadzieb. Inverzná výnosová krivka. Štátne pokladničné poukážky. Úrokové sadzby z depozitných certifikátov, z vkladov na vkladných knižkách, z vkladov v cudzích menách, z vkladov na účtoch v bankách na Slovensku. 
610 2 0 |a banky centrálne 
610 2 0 |a politika menová 
610 2 0 |a sadzby úrokové 
610 2 0 |a bilancia platobná 
610 2 0 |a Slovensko 
610 2 0 |a NBS Bratislava 
610 2 0 |a financie verejné 
100 1 |a Habán, Rastislav